| 000 | 01933 am a2200409 a 4500 | ||
|---|---|---|---|
| 005 | 20240523094051.0 | ||
| 008 | 100317s2000||||sp a f |||| 001 0 spa d | ||
| 020 | _a8471013037 | ||
| 041 | _aspa | ||
| 092 |
_c615.83 _l6 _sBAJ |
||
| 100 | 1 |
_aBajo Arenas, J. M. _9481 |
|
| 245 |
_aUltrasonografía Ginecológica / _cJ. M. Bajo Arenas. |
||
| 250 | _a1a ed. | ||
| 260 |
_aMadrid: _bMarbán; _c2000. |
||
| 300 |
_a433 p. _bil. |
||
| 500 | _aBajo Arenas, J. M. (2000). Ultrasonografía Ginecológica. (1a ed.). Madrid : Marbán. | ||
| 590 | _aDonación Ernesto Rosemberg, Julio 2009 | ||
| 653 | _aSistematización de planos de la pelvis con sonda vaginal. Anatomía ecográfica | ||
| 653 | _aMonitorización ultrasonográfica del ciclo ovárica | ||
| 653 | _aSeguimiento ultrasonográfico del ciclo endometrial | ||
| 653 | _aSíndrome del ovario poliquístico (SOP) | ||
| 653 | _aUltrasonografía de la endometriosis | ||
| 653 | _aFormaciones disfuncionales de ovario | ||
| 653 | _aCáncer de ovario. Score ecográfico. Valoración Doppler | ||
| 653 | _aEcografía como indicadora de cirugía laparoscópica en las masas ováricas | ||
| 653 | _aMalformaciones uterinas | ||
| 653 | _aDiagnóstico ecográfico del pólipo endometrial | ||
| 653 | _aDiagnóstico ecográfico | ||
| 653 | _aEcografía y Doppler color en el diagnóstico del adenocarcinoma de endometrio | ||
| 653 | _aUltrasonografía en el estudio del cérvix uterino y de su patología | ||
| 653 | _aControl ecográfico de la inducción de la ovulación y de la estimulación folicular múltiple | ||
| 653 | _aEcoggrafía como método de selección para el diagnóstico de la patología endometrial en la menopausia | ||
| 653 | _aEcografía intervencionista. Punción aspiración ecoguiada de masas pélvicas | ||
| 653 | _aUltrasonografía en la patología tubárica. Enfermedad inflamatoria pélvica | ||
| 930 | _a2001 | ||
| 942 |
_2ddc _cBK |
||
| 999 |
_c135 _d135 |
||